[Event "EICC 2017"]
[Site "Minsk"]
[Date "2017.06.06"]
[Round "7"]
[White "Paichadze, Luka"]
[Black "Lupulescu, Constantin"]
[Result "1/2-1/2"]
[WhiteElo "2568"]
[BlackElo "2631"]
[Annotator "TA"]
[PlyCount "164"]
[EventDate "2017.??.??"]
[EventCountry "BLR"]
[SourceTitle "playchess.com"]
[Source "ChessBase"]
[SourceQuality "1"]

{[%evp 20,164,0,-2,21,8,23,22,16,9,25,21,7,9,12,0,0,0,0,0,0,0,0,0,0,2,5,4,6,0,0,0,0,4,3,0,3,0,43,0,14,6,8,0,11,16,21,9,6,6,6,6,7,3,8,0,0,0,19,8,12,4,7,13,14,2,2,2,6,0,18,6,14,0,0,0,0,0,0,0,0,0,0,0,0,0,0,0,0,0,0,0,0,0,9,0,0,0,0,0,0,0,0,0,0,0,0,0,0,0,0,0,0,0,0,0,0,0,0,0,0,12,13,0,0,0,0,0,5,0,0,0,2,0,0,0,3,0,0,0,0,0,0,0,0,0,0]} 1. e4 c5 2. Nf3 e6 3. c3 d5 4. exd5 Qxd5 5. d4 Nf6 6. Be2 Be7 7. Be3 cxd4 8. cxd4 Nc6 9. Nc3 Qd6 10. O-O O-O 11. Rc1 Bd7 {B22: Sicilian: 2 c3} (11... Rd8 12. a3 Bd7 13. b4 Be8 14. Qd2 Bf8 15. Rfd1 h6 16. h3 Rac8 17. Bf4 Qe7 18. Qe3 a6 19. Ne5 Nd5 20. Nxd5 Rxd5 {1-0 (61) Zhigalko,S (2679)-Wojtaszek,R (2721) Lublin 2011}) 12. Ne5 Be8 ({Avoid the trap} 12... Nxe5 $2 13. dxe5 Qxd1 14. Rfxd1 $18) 13. Nc4 Qd8 14. Bf3 $146 ({Predecessor:} 14. Qb3 b5 15. Ne5 Nxd4 16. Bxd4 Qxd4 17. Nf3 Qb6 18. Bxb5 {½-½ (18) Gjuran,D (2337)-Budai,D (2289) Hungary 2005}) 14... Rc8 15. d5 exd5 16. Nxd5 Nxd5 17. Bxd5 b5 {[#] And now ...Nb4 would win.} 18. Na3 Nb4 19. Bb3 Rxc1 20. Qxc1 Bc6 21. Rd1 Qa8 22. Bc5 Qb7 $1 23. Bxe7 Qxe7 24. Nc2 Nxc2 $1 25. Qxc2 Rc8 (25... Re8 $5 {[%cal Re7e1]} 26. h3 (26. Qxc6 $2 {gets mated.} Qe1+ 27. Rxe1 Rxe1#) (26. Bxf7+ $2 Kxf7 27. h3 Qe4 $19) 26... Qb7 $11) 26. Qf5 Re8 {[#] ( -> ...Qe1+!)} 27. h3 g6 28. Qf4 Rc8 29. Rd3 Qb7 {The position is equal.} 30. Rc3 a5 31. a3 Be8 (31... a4 $5 {[%cal Ra4b3]} 32. Ba2 Rd8 $11) 32. Re3 Qc6 33. Kh2 {Re7 is the strong threat.} (33. h4 $5 {[%cal Rh4h5]}) 33... Kg7 34. Rc3 Qd7 35. Rxc8 Qxc8 36. Qe5+ Kg8 37. Qe7 Qb8+ 38. g3 Kg7 39. Bd5 Qc8 40. Qe5+ Kg8 41. h4 h5 42. Qf6 Kf8 43. Be4 {aiming for Bxg6.} Kg8 $1 44. Qe7 Kg7 45. Qe5+ Kg8 46. b4 (46. Qd5 $5 {[%cal Re4g6]}) 46... axb4 47. axb4 Bd7 48. Bd5 Be8 49. Qf6 {Threatens to win with Qxg6+.} Kf8 50. Qd6+ (50. g4 $5) 50... Kg7 51. Qe5+ Kg8 52. Qe7 Kg7 $1 53. Bb7 Qb8 $1 54. Kg1 Kh7 55. Be4 Kg8 56. Bb7 Kh7 57. Bd5 Kg7 58. Kh2 Qc8 $1 59. Qe5+ Kf8 60. Be4 (60. g4 $5) 60... Kg8 61. Qd5 Kg7 62. Bd3 Qb8 63. Kg1 Qb6 64. Qe5+ Kf8 65. Kf1 Qb7 66. Be4 Qa6 67. Qc5+ Kg8 68. Qe5 (68. Qe7 $5 {[%cal Re7e8]} Qc8 69. Bd5 $14) 68... Kf8 69. Qh8+ Ke7 70. Qd4 Kf8 71. Kg2 Qe6 72. Qd5 Qb6 73. Qe5 Qa6 74. Qc5+ Kg7 75. Qd4+ (75. Qe7 $5 {[%cal Re7e8]} Bc6 76. Qe5+ Kg8 77. Qd4 $11) 75... Kf8 76. Qd8 Qe6 77. Bd5 Qa6 78. Kh3 Qa1 79. Qd6+ Kg7 80. Qe7 Qd4 81. Qxe8 Qxd5 {[%cal Rd5h1]} 82. Kh2 Qf5 {Precision: White = 57%, Black = 78%.} 1/2-1/2

[Event "EICC 2017"]
[Site "Minsk"]
[Date "2017.06.06"]
[Round "7"]
[White "Santos Latasa, Jaime"]
[Black "Grib, Roman"]
[Result "1-0"]
[WhiteElo "2567"]
[BlackElo "2415"]
[Annotator "TA"]
[PlyCount "63"]
[EventDate "2017.??.??"]
[EventCountry "BLR"]
[SourceTitle "playchess.com"]
[Source "ChessBase"]
[SourceQuality "1"]

{[%evp 13,63,34,27,11,29,29,31,32,30,28,32,34,67,55,65,72,102,46,108,83,125,131,116,135,195,187,185,204,197,185,189,195,233,230,239,227,215,241,235,220,268,206,240,247,610,658,914,895,858,818,809,767]} 1. d4 Nf6 2. c4 e6 3. g3 d5 4. Bg2 dxc4 5. Nf3 Bb4+ 6. Bd2 Bd6 {E04: Open Catalan: 5 Nf3} 7. O-O O-O {LiveBook: 4 Games} 8. Bg5 h6 $146 {The position is equal.} ({Predecessor:} 8... c5 9. Nc3 Nbd7 10. dxc5 Bxc5 11. Nd2 h6 12. Bxf6 Nxf6 13. Nxc4 {1-0 (42) Postny,E (2577)-Turova,I (2394) Rethymno 2010}) 9. Bxf6 Qxf6 10. Nbd2 Nc6 11. Nxc4 e5 {[%cal Re5d4]} 12. d5 Ne7 13. Rc1 Rd8 14. Nfd2 $1 Nf5 15. e3 (15. e4 $16 Nd4 16. Nxd6 cxd6 17. Nb3) 15... g6 ({Black should try} 15... Bf8 $14) 16. Qb3 h5 17. Nxd6 cxd6 18. Rc7 Rd7 (18... Rf8 $16 19. Ne4 Qd8) 19. Rxd7 $18 Bxd7 20. Qxb7 Qd8 21. Ne4 {aiming for Nf6+!} Kg7 {[#]} 22. Rc1 $1 Rb8 23. Qc7 ({But not} 23. Qxa7 $6 Rxb2 24. Bf1 Be8 $16) 23... Qe8 {Hoping for ...Rc8.} 24. Nxd6 Nxd6 25. Qxd6 Rxb2 26. h4 Bg4 27. Rc7 Rb6 28. Qc5 Qa4 $2 (28... Rb1+ 29. Kh2 Rb2) 29. Qe7 {White is clearly winning.} Qd1+ 30. Kh2 Rf6 31. Qxe5 {[#] Strongly threatening Rc6.} Qd2 32. Rc4 {Precision: White = 81%, Black = 27%.} 1-0

[Event "EICC 2017"]
[Site "Minsk"]
[Date "2017.06.06"]
[Round "7"]
[White "Donchenko, Alexander"]
[Black "Grachev, Boris"]
[Result "1/2-1/2"]
[WhiteElo "2563"]
[BlackElo "2658"]
[Annotator "TA"]
[PlyCount "52"]
[EventDate "2017.??.??"]
[EventCountry "BLR"]
[SourceTitle "playchess.com"]
[Source "ChessBase"]
[SourceQuality "1"]

{[%evp 16,52,27,18,25,14,8,23,17,4,11,-103,45,48,36,29,13,25,35,13,18,0,0,-7,10,0,0,0,0,0,42,0,0,0,0,0,0,0,0]} 1. d4 d5 2. c4 e6 3. Nf3 Nf6 4. g3 dxc4 5. Bg2 Bd7 6. Ne5 Bc6 7. Nxc6 Nxc6 8. e3 Qd7 {E04: Open Catalan: 5 Nf3} 9. Qe2 {LiveBook: 5 Games} (9. O-O Rd8 10. Qe2 e5 11. Nc3 Be7 12. dxe5 Nxe5 13. Bxb7 Bb4 14. Rd1 Nd3 15. e4 Bxc3 16. bxc3 {1-0 (25) Topalov,V (2739)-Deac,B (2572) Caleta 2017}) 9... e5 10. Qxc4 exd4 11. O-O Rd8 12. exd4 Nxd4 13. Bxb7 $146 {[#]} (13. Be3 $11) ({Predecessor:} 13. Re1+ Be7 14. Be3 c5 15. b4 cxb4 16. Bxd4 Qxd4 17. Qxd4 Rxd4 {0-1 (33) Chekletsov,I (2391)-Torma,R (2499) Budapest 2017}) 13... c5 ({Better is} 13... c6 $1 $17 14. Ba6 Qh3) 14. Bg2 $14 Be7 15. Nd2 O-O 16. Nb3 Qf5 {Black wants to play ...Nc2.} 17. Nxd4 cxd4 18. Bd2 Bc5 19. h3 h5 20. Rad1 Bb6 21. Bb4 Rfe8 22. Qd3 Qe6 23. a4 (23. Rfe1 $5 {[%cal Re1e6]} Qd7 24. Bd2 $14) 23... Nd5 {The position is equal.} 24. Bd2 {[#] a5 is the strong threat.} (24. Bxd5 $5 Qxd5 25. h4 $11) 24... Ne3 $1 {[%cal Re3f1][%mdl 512]} 25. Rfe1 ({Don't go for} 25. fxe3 $2 dxe3 26. Qc2 e2+ 27. Kh1 exf1=N $19) 25... Qd7 26. Ra1 {Black must now prevent a5.} Nxg2 {Precision: White = 23%, Black = 41%.} 1/2-1/2

[Event "EICC 2017"]
[Site "Minsk"]
[Date "2017.06.06"]
[Round "7"]
[White "Gelashvili, Tamaz"]
[Black "Berkes, Ferenc"]
[Result "1-0"]
[WhiteElo "2563"]
[BlackElo "2654"]
[Annotator "TA"]
[PlyCount "73"]
[EventDate "2017.??.??"]
[EventCountry "BLR"]
[SourceTitle "playchess.com"]
[Source "ChessBase"]
[SourceQuality "1"]

{[%evp 26,73,39,35,32,36,52,36,37,33,55,43,48,45,68,53,87,85,80,57,61,0,79,44,239,229,232,205,478,500,495,497,508,495,586,593,626,627,804,744,762,722,766,773,916,739,1145,1125,1279,1254]} 1. e4 {[%cal Be2e4,Be4e5][%mdl 32]} Nf6 {[%cal Bg8f6,Bf6d5,Bd5b6][%mdl 32]} 2. e5 Nd5 3. d4 d6 4. c4 Nb6 5. exd6 exd6 6. Nc3 Be7 7. Bd3 O-O 8. Nge2 Nc6 9. O-O Bf6 {B03: Alekhine's Defence: Four Pawns Attack} 10. b3 Re8 11. Be3 Bg4 12. Qd2 Bxe2 (12... Bh5 13. Nf4 Bg6 14. Nxg6 hxg6 15. Be4 Rb8 16. Rfe1 Ne7 17. Bg5 {1-0 (35) Cornette,M (2581)-Bauer,C (2620) Agen 2016}) 13. Nxe2 d5 14. c5 {LiveBook: 4 Games} Nd7 15. b4 {[%cal Bb3b4,Bb4c5,Bc5c6][%mdl 32]} a6 16. Rae1 $146 ({Predecessor:} 16. a3 Nf8 17. Bc2 {1-0 (48) Savicevic,V (2331)-Janev,E (2461) Vrnjacka Banja 2009}) 16... Nf8 17. Bb1 Qd7 18. a3 b6 19. h3 bxc5 20. bxc5 Rab8 21. Bc2 Ne7 22. Qa5 Qb5 23. Qd2 ({Much worse is} 23. Qxc7 $6 Ne6 $11) 23... Qd7 $1 24. Nc3 Nf5 $2 {[#]} (24... g6 $14) 25. c6 $1 $18 {[%cal Rc6d7][%mdl 512]} Qc8 (25... Qxc6 26. Bxf5) 26. Nxd5 Bd8 $2 (26... Nxe3 27. Nxf6+ (27. fxe3 Bh4 $18) (27. Nxe3 Qd8 $16) (27. Rxe3 Bh4 $18) 27... gxf6) 27. Bf4 {White is clearly winning.} Ne7 28. Qd3 Rb5 29. Nc3 Ra5 30. a4 Nfg6 31. d5 Kf8 32. Bg3 Qb8 33. h4 h5 34. Re3 Qb4 35. Rfe1 Qg4 36. Re4 Qf5 37. Qd4 {Precision: White = 75%, Black = 34%.} 1-0

[Event "EICC 2017"]
[Site "Minsk"]
[Date "2017.06.06"]
[Round "7"]
[White "Aleksandrov, Aleksej"]
[Black "Sjugirov, Sanan"]
[Result "1-0"]
[WhiteElo "2559"]
[BlackElo "2654"]
[Annotator "TA"]
[PlyCount "67"]
[EventDate "2017.??.??"]
[EventCountry "BLR"]
[SourceTitle "playchess.com"]
[Source "ChessBase"]
[SourceQuality "1"]

{[%evp 16,67,0,-19,0,0,8,-20,-18,-10,0,-17,-9,-9,0,0,0,-12,0,0,0,2,8,6,10,15,12,0,13,10,39,34,43,14,20,12,12,12,12,12,19,14,359,125,730,730,719,705,893,820,5281,2458,29991,29992]} 1. d4 Nf6 2. c4 g6 3. Nc3 d5 4. e3 Bg7 5. cxd5 Nxd5 6. Nxd5 {D80: Grünfeld: Unusual White 4th moves and 4 Bg5} (6. Qb3 Nb6 7. Nf3 O-O 8. Be2 Be6 9. Qc2 Bf5 10. Qb3 Be6 11. Qc2 Bf5 12. Qb3 N8d7 13. e4 Be6 14. d5 Bg4 15. O-O c6 16. dxc6 bxc6 {½-½ (40) Papaioannou,I (2638)-Giri,A (2778) Reykjavik 2015}) 6... Qxd5 7. Ne2 O-O 8. Nc3 Qd6 9. Be2 {LiveBook: 30 Games} Na6 10. O-O c5 {[%cal Rc5d4]} 11. Nb5 $146 ({Predecessor:} 11. d5 Nc7 12. e4 f5 13. exf5 Bxf5 {0-1 (25) Arnaudov,P (2461)-Cheparinov,I (2675) Pleven 2015}) 11... Qb6 12. a4 cxd4 13. a5 Qd8 14. Nxd4 e5 15. Nb5 e4 16. Qa4 Nc5 17. Qa3 Nd3 18. Nd6 Nxc1 19. Rfxc1 Bxb2 20. Qxb2 Qxd6 21. Ra4 Qe7 22. Rac4 Be6 (22... b6 $5) 23. Rxe4 Qd8 24. h4 {[%cal Bh2h4,Bh4h5,Bh5h6][%mdl 32]} Qxa5 25. h5 {Hoping for h6.} Rac8 26. Rxc8 Rxc8 27. h6 {[%csl Gh6][%cal Rb2g7]} Qc3 28. Qxb7 $40 {[%mdl 128] And now Qe7 would win. White has some attack.} Qa1+ $2 {[%mdl 8192] [#]} (28... Qc6 $11 {and Black stays safe.} 29. Qxc6 Rxc6) 29. Kh2 $2 (29. Bf1 $1 $18 {and the rest is easy.} Re8 30. Qc6) 29... Rf8 $2 {[%mdl 8192] [#]} (29... Qc3 $16) 30. Qe7 $1 $18 Qb2 31. Kg3 Qb8+ 32. f4 Qb2 33. Re5 {White wants to mate with Qf6.} Qxe2 34. Qf6 {Precision: White = 63%, Black = 19%.} 1-0

[Event "EICC 2017"]
[Site "Minsk"]
[Date "2017.06.06"]
[Round "7"]
[White "Chigaev, Maksim"]
[Black "Repka, Christopher"]
[Result "0-1"]
[WhiteElo "2559"]
[BlackElo "2452"]
[Annotator "TA"]
[PlyCount "90"]
[EventDate "2017.??.??"]
[EventCountry "BLR"]
[SourceTitle "playchess.com"]
[Source "ChessBase"]
[SourceQuality "1"]

{[%evp 15,90,-10,-7,-8,-11,-16,-10,-8,5,-20,18,9,7,-14,0,-66,-39,-57,-43,-37,-35,-51,-4,-1,0,-41,0,0,0,-19,-18,-22,0,-22,-23,-8,7,7,0,0,2,0,15,-23,-16,-25,-29,-39,0,0,4,-12,0,-9,-2,-127,-124,-127,-127,-131,-116,-116,-116,-120,-124,-119,-100,-98,-99,-368,-357,-462,-443,-472,-712,-659,-627]} 1. c4 c6 2. Nf3 d5 3. b3 Bf5 4. Bb2 e6 5. e3 h6 6. Nc3 {A12: English Opening: 1...c6 with b3 by White} Nf6 7. Be2 Bd6 (7... Nbd7 8. d4 Ne4 9. Nxe4 Bxe4 10. O-O Bd6 11. h3 O-O 12. Nd2 Bh7 13. a3 Qe7 14. b4 a6 {0-1 (52) Bacrot,E (2695)-Meier,G (2630) chess.com INT 2017}) 8. h3 Nbd7 {LiveBook: 5 Games} 9. d4 Qe7 $146 ({Predecessor:} 9... O-O 10. O-O Qe7 11. Re1 Rfd8 12. Bd3 Bxd3 13. Qxd3 e5 14. e4 dxc4 15. Qxc4 exd4 16. Qxd4 {½-½ (40) Gladkikh,I (2169)-Gazizov,R (2290) Tula 2004}) 10. a3 Ne4 11. Nxe4 dxe4 12. Nd2 e5 13. c5 (13. Bg4 $5 {[%cal Rg4f5]} g6 14. c5 $14) 13... Bc7 14. Nc4 Rd8 15. Nd6+ (15. b4 $11) 15... Bxd6 $15 16. cxd6 Qxd6 17. dxe5 Qg6 18. Qd6 Qxd6 19. exd6 f6 20. O-O-O Nc5 21. b4 Na4 22. Bd4 Kf7 23. Bh5+ Ke6 (23... g6 $5 {[%cal Rg6h5]} 24. Bg4 Be6 $11) 24. Rd2 ({Reject} 24. Bxa7 b6 $17) 24... Nb6 25. Bd1 $132 {[%mdl 2048] White puts up resistance} Kf7 (25... Kd7 {keeps more tension.} 26. Be2 Be6 27. Rhd1 Nc4 28. Rc2 Nxd6 29. Bxa7 Kc7) 26. Bxb6 axb6 27. Bc2 Rhe8 28. Rhd1 Bd7 29. g4 g6 {[%cal Bg7g6,Bg6f5][%mdl 32]} 30. Kb2 f5 31. gxf5 gxf5 32. Bb3+ Kf6 33. h4 Rh8 34. Rg1 Rh7 35. h5 {[#]} (35. a4 $11 {keeps the balance.}) 35... Be8 $1 $17 36. Rg8 {aiming for Rf8+.} Rhd7 37. Rf8+ Bf7 38. Rxd8 Rxd8 39. Bxf7 Kxf7 {[%mdl 4096] Endgame KR-KR} 40. Rd1 Ke6 41. Rg1 {[#] Hoping for Rg6+.} Rxd6 {...Rd2+ is the strong threat.} 42. Rg7 $2 {[%mdl 8192]} (42. Kc1 $17) 42... Rd2+ $19 43. Kc3 Rxf2 {Black is clearly winning.} 44. Rxb7 Re2 45. Rxb6 Kd5 {Precision: White = 39%, Black = 54%.} 0-1

[Event "EICC 2017"]
[Site "Minsk"]
[Date "2017.06.06"]
[Round "7"]
[White "Michalik, Peter"]
[Black "Hakobyan, Aram"]
[Result "1/2-1/2"]
[WhiteElo "2558"]
[BlackElo "2449"]
[Annotator "TA"]
[PlyCount "83"]
[EventDate "2017.??.??"]
[EventCountry "BLR"]
[SourceTitle "playchess.com"]
[Source "ChessBase"]
[SourceQuality "1"]

{[%evp 19,83,14,22,12,10,14,23,1,8,4,1,0,0,0,0,0,0,0,0,0,21,0,2,6,12,3,19,19,19,19,13,18,10,10,24,20,25,32,32,27,43,47,48,48,58,67,67,63,62,45,46,13,12,21,8,13,6,8,12,0,0,0,0,0,0,0]} 1. e4 e6 2. d4 d5 3. Nc3 Bb4 4. exd5 exd5 5. Bd3 Nf6 6. Nge2 O-O 7. O-O Re8 8. Bg5 {C01: French: Exchange Variation} c6 9. Ng3 h6 10. Bf4 Bg4 {LiveBook: 4 Games} 11. Nce2 $146 ({Predecessor:} 11. Qd2 Nbd7 12. a3 Bf8 13. h3 Be6 14. b3 a6 15. Be3 {½-½ (30) Ivanisevic,I (2636)-Vallejo Pons,F (2705) Porto Carras 2011}) 11... Bd6 {[#] Strongly threatening ...Bxf4.} 12. f3 Be6 13. Qd2 c5 14. Bxd6 Qxd6 15. dxc5 Qxc5+ 16. Kh1 Nc6 17. c3 Rad8 18. Rfd1 Qb6 19. Bc2 Ne5 20. b3 Nc6 21. Nd4 Nxd4 (21... Qc7 {with more complications.} 22. Nge2 Bd7 23. Re1 Rc8 24. Nb5 Qb8) 22. Qxd4 Qxd4 (22... Qc7 {is interesting.} 23. Kg1 Rc8 24. Rac1 b5 25. Nf5 Bxf5 26. Bxf5 Rb8) 23. Rxd4 Bd7 24. Kg1 Rc8 25. Rc1 g6 26. Bd3 Rc5 27. Kf2 Rec8 28. Ne2 Kg7 29. h4 h5 30. Ke1 Re8 31. Kd2 Bb5 32. Nf4 Bxd3 33. Rxd3 Kf8 34. g3 Re5 35. Re3 d4 {The position is equal.} 36. Rxe5 dxc3+ 37. Rxc3 Rxe5 $11 {KRN-KRN} 38. Rc7 Re7 39. Rxe7 Kxe7 40. Kd3 Kd6 41. Kd4 Nd7 42. Nd3 {Precision: White = 69%, Black = 68%.} 1/2-1/2

[Event "EICC 2017"]
[Site "Minsk"]
[Date "2017.06.06"]
[Round "7"]
[White "Danin, Alexandre"]
[Black "Oleksiyenko, Mykhaylo"]
[Result "1-0"]
[WhiteElo "2551"]
[BlackElo "2636"]
[Annotator "TA"]
[PlyCount "135"]
[EventDate "2017.??.??"]
[EventCountry "BLR"]
[SourceTitle "playchess.com"]
[Source "ChessBase"]
[SourceQuality "1"]

{[%evp 27,135,17,16,9,35,19,58,18,57,44,50,50,95,97,131,124,130,131,135,127,142,108,110,85,96,97,108,95,141,62,134,131,178,158,313,148,239,251,236,150,175,0,212,156,171,162,156,135,130,143,131,122,138,119,130,122,131,132,119,122,122,119,121,100,93,63,75,56,96,47,52,56,57,55,58,52,48,6,6,6,7,12,79,79,86,86,86,86,86,86,86,86,86,86,12834,12834,12835,12835,12835,12836,12836,12837,12837,12837,12840,12841,12841,12835,12841,12841]} 1. e4 c6 2. d4 d5 3. exd5 cxd5 4. c4 Nf6 5. Nc3 Nc6 6. Nf3 g6 7. cxd5 Nxd5 8. Qb3 e6 9. Bb5 Bg7 10. O-O {A35: Symmetrical English: 2 Nc3 Nc6 3 Nf3} O-O 11. Bxc6 bxc6 12. Na4 Ba6 13. Re1 Nb6 14. Nc5 Bc4 {LiveBook: 7 Games} 15. Qc3 Bd5 16. Ne5 {[#]} f6 $146 ({Predecessor:} 16... Qh4 17. b3 Rfe8 {½-½ (73) Aronian,L (2816)-Caruana,F (2773) Sao Paulo/Bilbao 2012}) 17. Ned3 e5 18. dxe5 fxe5 19. Ne4 Qh4 20. f3 {Strongly threatening Bg5.} h6 21. Be3 g5 22. Bf2 Qh5 23. h3 Nd7 24. Rad1 a5 25. b3 $36 {[%mdl 2048] Black is under strong pressure.} Qg6 26. Bg3 Rfe8 27. Qd2 Kh8 28. Ndf2 (28. Nc3 $16) 28... Nf8 (28... a4 $14) 29. Nc3 $16 Bg8 30. Ng4 Qf5 $2 (30... h5 $16) 31. Ne3 (31. Ne4 $18 {and the rest is easy.}) 31... Qf6 (31... Qe6 $16 32. Na4 Ng6) 32. Ne4 $18 Qe6 33. Nc5 Qe7 34. Ne4 $2 (34. Qc1 $18) 34... Bh7 $2 (34... Qe6 $1 $11 {and Black is okay.}) 35. Kh1 Qb4 36. Nd6 Re6 37. Nef5 Qxd2 38. Rxd2 Bxf5 39. Nxf5 Ng6 40. Rd7 Bf8 41. Nd4 Rf6 42. Bxe5 Nxe5 43. Rxe5 c5 44. Re6 Ra6 45. Rxa6 Rxa6 $16 {[%mdl 4096] Endgame KRB-KRN} 46. Nf5 a4 47. Kh2 Rf6 48. Ne3 axb3 49. axb3 Bd6+ 50. Kg1 Bg3 $1 51. Kf1 Re6 52. Ke2 {Hoping for Kd3.} Bf4 53. Rd3 Kg7 54. Kf2 Bxe3+ (54... Ra6 $11) 55. Rxe3 $11 {KR-KR} Ra6 56. Rc3 Ra3 57. Kg3 c4 58. Rxc4 {aiming for b4.} Rxb3 59. h4 {[%cal Bh3h4,Bh4h5][%mdl 32]} Rb2 60. Kh3 Rf2 $2 {[%mdl 8192]} (60... Rb6 $16 61. Kg4 Kf6) 61. Rc7+ $18 {White is clearly winning.} Kf6 {[#]} 62. h5 $1 Rf1 63. Kg4 Ra1 {[#]} 64. Rh7 $1 {[%cal Rh7h6]} Ra4+ 65. Kg3 Rh4 66. Rxh6+ Kf7 67. Kf2 g4 68. f4 {Precision: White = 63%, Black = 47%.} 1-0

[Event "EICC 2017"]
[Site "Minsk"]
[Date "2017.06.06"]
[Round "7"]
[White "Kunin, Vitaly"]
[Black "Lenic, Luka"]
[Result "1/2-1/2"]
[WhiteElo "2551"]
[BlackElo "2641"]
[Annotator "TA"]
[PlyCount "42"]
[EventDate "2017.??.??"]
[EventCountry "BLR"]
[SourceTitle "playchess.com"]
[Source "ChessBase"]
[SourceQuality "1"]

{[%evp 25,26,-22,-33]} 1. d4 Nf6 2. c4 e6 3. Nf3 b6 4. g3 Bb7 5. Bg2 Bb4+ 6. Bd2 Be7 7. Nc3 c6 8. O-O d5 9. cxd5 cxd5 10. Bf4 O-O 11. Rc1 Nc6 12. Ne5 Rc8 13. Nxc6 Bxc6 {Predecessor:} 14. Qb3 $146 Qd7 15. a3 b5 16. Na2 a5 17. Bd2 Ra8 18. Qc3 Rfc8 19. b4 axb4 20. Nxb4 Bb7 21. Qb2 Rc4 {½-½ (38) Juhasz,A (2267)-Kislik,E (2340) Budapest 2014} 1/2-1/2

[Event "EICC 2017"]
[Site "Minsk"]
[Date "2017.06.06"]
[Round "7"]
[White "Sadzikowski, Daniel"]
[Black "Kanmazalp, Ogulcan"]
[Result "1-0"]
[WhiteElo "2548"]
[BlackElo "2447"]
[Annotator "TA"]
[PlyCount "87"]
[EventDate "2017.??.??"]
[EventCountry "BLR"]
[SourceTitle "playchess.com"]
[Source "ChessBase"]
[SourceQuality "1"]

{[%evp 19,87,13,12,5,8,20,3,10,17,-2,40,28,47,44,51,43,46,47,56,49,66,69,73,75,78,51,49,47,56,47,47,46,48,30,68,42,43,10,39,25,29,0,81,48,156,145,282,276,269,251,625,597,1638,1621,1614,1637,1630,1595,1279,788,1129,1129,1126,1116,1031,1025,981,478,1303,1125]} 1. e4 c5 2. Nf3 d6 3. Bb5+ Nd7 4. O-O a6 5. Bd3 Ngf6 6. Re1 {B51: Sicilian: Moscow Variation (3 Bb5+) without 3...Bd7} e6 7. a4 (7. c3 b5 8. Bc2 c4 9. a4 Bb7 10. d4 cxd3 11. Bxd3 bxa4 12. Qxa4 Be7 13. h3 O-O 14. Be3 Qc7 15. Nbd2 Rfb8 16. Qa5 Bd8 17. Qxc7 Bxc7 18. b4 {½-½ (18) Nakamura,H (2785)-Vachier Lagrave,M (2796) Sharjah 2017}) 7... b6 8. c3 Bb7 9. Qe2 Qc7 10. Na3 Be7 {LiveBook: 4 Games} 11. Bc2 O-O $146 ({Predecessor:} 11... Rc8 12. d3 O-O {½-½ (24) Iordachescu,V (2600)-Sadzikowski,D (2547) Gallipoli 2017}) 12. d4 Rfe8 13. Bg5 h6 14. Bh4 e5 15. d5 Nf8 16. Bxf6 Bxf6 17. Rab1 Reb8 18. b4 Bc8 19. Bd3 Ng6 20. g3 Ne7 21. Kg2 g6 22. Qe3 Bg7 23. bxc5 bxc5 24. Nc4 Bd7 25. Bc2 Nc8 26. Nfd2 (26. a5 {looks sharper.} Bb5 27. Nfd2 h5 28. Ra1 Rb7 29. Reb1) 26... h5 27. Rxb8 Rxb8 28. Kh1 Qd8 29. f4 Bh6 30. Rf1 h4 (30... Nb6 $11 {remains equal.}) 31. Qf3 exf4 (31... Qe7 $14) 32. gxf4 $16 Qf6 (32... Qe7 $16 {might work better.} 33. Rf2 Nb6) 33. e5 $18 dxe5 {[%cal Rh6f4]} 34. Ne4 ({Less strong is} 34. fxe5 Qxf3+ 35. Nxf3 Bg4 $14) ({Much less strong is} 34. Nxe5 $6 Bf5 $16) 34... Qe7 $2 (34... Qf5) 35. fxe5 {[%cal Bf4e5,Be5f6][%mdl 32] White is clearly winning.} Bg7 36. Nf6+ Bxf6 37. exf6 ({Weaker is} 37. Qxf6 Bh3 $16) 37... Qf8 38. Ne5 Be8 39. Qf4 Rb2 {[#]} 40. Bxg6 $1 {[%mdl 512]} fxg6 41. f7+ Bxf7 42. Nxf7 {Threatening mate with Nh6+.} Qe7 43. Nh6+ (43. Qg4 $142 Kg7 44. Ng5) 43... Kg7 {[#]} (43... Kh7 $142 44. Ng4 Rb6) 44. Nf5+ $1 {[%mdl 512] Precision: White = 65%, Black = 32%.} 1-0

[Event "EICC 2017"]
[Site "Minsk"]
[Date "2017.06.06"]
[Round "7"]
[White "Petrosyan, Manuel"]
[Black "Edouard, Romain"]
[Result "1/2-1/2"]
[WhiteElo "2546"]
[BlackElo "2640"]
[Annotator "TA"]
[PlyCount "101"]
[EventDate "2017.??.??"]
[EventCountry "BLR"]

{[%evp 15,101,18,27,13,26,17,14,12,11,12,38,27,34,32,47,0,0,0,0,0,0,0,0,0,35,23,41,40,44,44,41,41,43,37,50,47,49,15,29,28,28,26,59,58,58,58,58,58,58,62,56,60,59,55,52,43,43,38,49,46,34,24,24,24,25,24,60,63,64,63,64,64,64,64,64,0,112,65,112,47,47,0,0,0,0,0,0,0]} 1. d4 d5 2. Nf3 Nf6 3. c4 dxc4 4. e3 e6 5. Bxc4 c5 6. O-O a6 7. dxc5 Qxd1 8. Rxd1 Bxc5 9. Nfd2 {D27: Queen's Gambit Accepted: Classical main line: 7 e4!? and 7 a4} (9. Be2 Nbd7 10. Nbd2 O-O 11. Nc4 b6 12. b3 Bb7 13. Bb2 Bd5 14. Nfe5 b5 15. Nxd7 Nxd7 16. e4 Bxe4 17. Rxd7 bxc4 18. Rc1 Rfc8 19. Bxc4 a5 20. a4 Bc6 21. Rd3 {½-½ (30) Li,C (2720)-Wang,Y (2706) China 2017}) 9... O-O 10. Nb3 Be7 11. Nc3 b5 $146 ({Predecessor:} 11... b6 12. f3 Bb7 13. e4 Nbd7 14. Be3 Rac8 15. Bf1 Rfd8 16. Rac1 b5 {½-½ (76) Dubessay,B (2360)-Donchenko,A (2294) Nancy 2012}) 12. Be2 Nc6 13. e4 Bb7 14. Be3 Rfd8 15. Nc5 Bxc5 16. Bxc5 b4 17. Na4 Nxe4 18. Bb6 Rxd1+ 19. Rxd1 Ne7 20. f3 Nf6 21. Rd8+ $1 Rxd8 22. Bxd8 Nfd5 23. Nc5 Bc8 24. Nxa6 Nc6 25. Bg5 Kf8 26. Kf2 h6 27. Bd2 Ke7 28. Nc5 f5 29. Bc4 Kd6 30. Nd3 e5 31. Bxd5 Kxd5 32. Nxb4+ Nxb4 33. Bxb4 $14 {[%mdl 4096] Endgame KB-KB} g5 34. Bf8 h5 35. Bh6 g4 36. f4 exf4 37. Bxf4 Ke4 38. Bg5 f4 39. a4 {[%cal Ba2a4,Ba4a5][%mdl 32]} Bd7 40. b3 f3 41. gxf3+ gxf3 42. Be7 Be6 43. b4 Bb3 44. a5 {And now a6 would win.} Bc4 45. Kg3 (45. Bc5 $14) 45... Kd5 (45... Ke3 $11) 46. Bc5 Kc6 47. Kh4 ({White should play} 47. Kxf3 $16 Kb5 48. Ke3) 47... Kb5 48. Kxh5 f2 {The position is equal.} 49. Bxf2 {[#] Hoping for Be1.} Kxb4 50. Be1+ Kb5 51. Kg5 {Precision: White = 53%, Black = 65%.} 1/2-1/2